Investigating the scientometric correlation between library expenditure, research funding and sponsored projects : A perspective of NIRF rankings of universities in west Bengal (Record no. 532871)
[ view plain ]
| 000 -LEADER | |
|---|---|
| fixed length control field | 01290nam a22001457a 4500 |
| 008 - FIXED-LENGTH DATA ELEMENTS--GENERAL INFORMATION | |
| fixed length control field | 260327b ||||| |||| 00| 0 eng d |
| 100 ## - MAIN ENTRY--PERSONAL NAME | |
| Personal name | Mondal, Debdas |
| 245 ## - TITLE STATEMENT | |
| Title | Investigating the scientometric correlation between library expenditure, research funding and sponsored projects : A perspective of NIRF rankings of universities in west Bengal |
| 260 ## - PUBLICATION, DISTRIBUTION, ETC. (IMPRINT) | |
| Place of publication, distribution, etc | IASLIC Bulletin |
| 300 ## - PHYSICAL DESCRIPTION | |
| Extent | 70(1), Mar, 2025: p.55-65 |
| 520 ## - SUMMARY, ETC. | |
| Summary, etc | The present research aims to explore the relationships between key academic and financial factors and their influence on the performance of universities as measured by the National Institutional Ranking Framework (NIRF). Overall, this research aims to provide insights into how financial and academic investments contribute to the scholarly reputation and ranking of universities in West Bengal, thereby potentially informing policy decisions and resource allocation to enhance institutional performance.- Reproduced https://www.iaslic1955.org.in/fckeditor/userfiles/file/IASLIC%20Bulletin%20March%202025%20abstract%20Book.pdf |
| 650 ## - SUBJECT ADDED ENTRY--TOPICAL TERM | |
| Topical term or geographic name as entry element | NIRF, Institutional rankings, West Bengal Universities, Library expenditure, Workshop expenditure, Faculty count, Sponsored projects, Research fundings |
| 9 (RLIN) | 59872 |
| 773 ## - HOST ITEM ENTRY | |
| Main entry heading | IASLIC Bulletin |
| 942 ## - ADDED ENTRY ELEMENTS (KOHA) | |
| Item type | Articles |
| Withdrawn status | Lost status | Source of classification or shelving scheme | Damaged status | Not for loan | Permanent location | Current location | Date acquired | Serial Enumeration / chronology | Barcode | Date last seen | Koha item type |
|---|---|---|---|---|---|---|---|---|---|---|---|
| Indian Institute of Public Administration | Indian Institute of Public Administration | 2026-03-27 | 70(1), Mar, 2025: p.55-65 | AR138389 | 2026-03-27 | Articles |
